Monopoly (U.K.) Quiz Stats

 Plays Quiz Updated Nov 15, 2018

Support Sporcle.
Go Orange.
Score 0/28 Timer 07:00
4 Plays Today
% Correct
Mayfair
88.7%
Old
Kent
Road
81%
Park
Lane
78.7%
Oxford
Street
74.9%
Pall
Mall
70%
Bond
Street
69.6%
Regent
Street
68.1%
King's
Cross
Station
68.1%
Piccadilly
65.2%
Trafalgar
Square
63.7%
Strand
62.2%
Liverpool
Street
Station
62%
The Angel,
Islington
60.1%
Leicester
Square
59.1%
% Correct
Water
Works
57.9%
Vine
Street
56.1%
Euston
Road
56%
Fleet
Street
54.9%
Whitechapel
Road
53.4%
Marylebone
Station
50%
Electric
Company
46.5%
Fenchurch
Street
Station
45.4%
Bow
Street
44.7%
Pentonville
Road
43.9%
Coventry
Street
42.7%
Whitehall
40.2%
Northumberland
Avenue
38.5%
Marlborough
Street
37.8%

You're not logged in!

Compare scores with friends on all Sporcle quizzes.
OR
Log In
Forgot?

From the Vault

'90s Songs by Two Lyrics

by Hullabaloo

Music 6m
These 2 word snippets definitely don't do the '90s justice.
Remove Ads.
Support Sporcle.
Get the best of Sporcle when you Go Orange. This ad-free experience offers more features, more stats, and more fun while also helping to support Sporcle. Thank you for becoming a member.

Show Comments

Extras

Top Quizzes Today


Score Distribution

Your Account Isn't Verified!

In order to create a playlist on Sporcle, you need to verify the email address you used during registration. Go to your Sporcle Settings to finish the process.

Report this User

Report this user for behavior that violates our Community Guidelines.

Details: